Normal view MARC view
  • Ruparelia N.B

Entry Personal Name

Number of records used in: 2

001 - CONTROL NUMBER

  • control field: 215630

003 - CONTROL NUMBER IDENTIFIER

  • control field: OSt

005 - DATE AND TIME OF LATEST TRANSACTION

  • control field: 20251202123826.0

008 - FIXED-LENGTH DATA ELEMENTS

  • fixed length control field: 251202|| aca||aabn | a|a d

040 ## - CATALOGING SOURCE

  • Original cataloging agency: OSt
  • Transcribing agency: OSt

100 ## - HEADING--PERSONAL NAME

  • Personal name: Ruparelia N.B

670 ## - SOURCE DATA FOUND

  • Source citation: Work cat.: (OSt)369243: Ruparelia N.B., Cloud Computing, 2023